| 000 | 01009nam a2200253 a 4500 | ||
|---|---|---|---|
| 001 | BRCA_4632 | ||
| 005 | 20190320204737.0 | ||
| 008 | 280910s1919----u--a######---#000-0#eng-# | ||
| 041 | _aeng | ||
| 044 | _au | ||
| 050 | 4 |
_aNK2110 _b.E24 1919 |
|
| 100 | 1 |
_aEberlein, Harold Donalson _911721 |
|
| 245 | 1 | 0 |
_aThe Practical Book of Interior Decoration _cby Harold Donalson Eberlein, Abbot McClure and Edward Stratton Holloway. |
| 260 |
_aFiladelfia, Estados Unidos _bJ. B. Lippincott _c1919 |
||
| 300 |
_axx, 451 p. _bil. (algunas a color) _c23 cm. |
||
| 500 | _aIncluye índice de ilustraciones, índice analítico y un cuadro de las cuatro grandes influencias decorativas: Renacimiento, Barroco, Rococó y Neoclásico | ||
| 500 | _aD42 | ||
| 650 | 1 | 4 |
_aDecoración y ornamentación _xCasas _911722 |
| 650 | 1 | 4 |
_aDecoración y ornamentación _xDecoración interior _911723 |
| 700 | 1 |
_aMcClure, Abbot _eCoautor _911724 |
|
| 700 | 1 |
_aStratton Holloway, Edward _eCoautor _911725 |
|
| 902 | _aGFM | ||
| 942 |
_2lcc _cB |
||
| 999 |
_c4335 _d4335 |
||